000 00728cam a22002413a 4500
001 12510
003 PGUSA
005 20140828083252.0
008 040601s2004||||xxu|||||s|||||000 p eng d
040 _aPGUSA
_beng
042 _adc
050 4 _aPR
100 1 _aBorrow, George,
_d1803-1881
245 1 0 _aTargum :
_bOr Metrical Translations From Thirty Languages And Dialects
_h[electronic resource] /
_cGeorge Borrow
260 _bProject Gutenberg,
_c2004
506 _aPublic domain in the USA.
516 _aElectronic text
653 _aPoetry -- Collections
653 _aPoetry -- Translations into English
830 0 _aProject Gutenberg
_v12510
856 4 0 _uhttp://www.gutenberg.org/ebooks/12510
942 _cEB
999 _c241765
_d241765